Normal view
MARC view
- Manoj mathew(Guide)
Entry Personal Name
001 - CONTROL NUMBER
- control field: 5412
003 - CONTROL NUMBER IDENTIFIER
- control field: OSt
005 - DATE AND TIME OF LATEST TRANSACTION
- control field: 20230413115327.0
008 - FIXED-LENGTH DATA ELEMENTS
- fixed length control field: 230413|| aca||aabn | a|a d
040 ## - CATALOGING SOURCE
- Original cataloging agency: OSt
- Transcribing agency: OSt
100 ## - HEADING--PERSONAL NAME
- Personal name: Manoj mathew(Guide)
670 ## - SOURCE DATA FOUND
- Source citation: Work cat.: (OSt)17651: SREERAG K P 4226, FIELD TESTING OF A POWERED PADDY HILL SEEDER ATTACHMENT WITH AN OSCILLATING SINGLE CELL METERING ROLLER AND FURROW BOOT SHUTTER GATE MECHANISMS , 2023
